| 000 | 00420cam a22001571 4500 | ||
|---|---|---|---|
| 082 |
_a530 _bHOW |
||
| 100 | 1 |
_aHowe, Harley Earl, _939736 |
|
| 245 | 0 | 0 | _aIntroduction to physics. |
| 250 | _a2d ed. | ||
| 260 |
_aNew York, _bMcGraw-Hill Book Co., _c1948. |
||
| 300 |
_axii, 599 p. _billus., diagrs. _c24 cm. |
||
| 526 |
_a0 _b0 _c0 _d530_000000000000000_HOW |
||
| 650 | 0 |
_aMCE _9379 |
|
| 650 | 0 | _aPhysics. | |
| 942 |
_2ddc _cBK |
||
| 999 |
_c544181 _d544181 |
||